|
|
|
|
| LEADER |
01037nam a2200349 4500 |
| 001 |
DLU210195997 |
| 005 |
##20210405 |
| 020 |
# |
# |
|a 9786041144378
|
| 040 |
# |
# |
|a DLU
|b vie
|
| 041 |
# |
# |
|a viejap
|
| 044 |
# |
# |
|a vn
|
| 082 |
# |
# |
|a 495.68
|b MA-N
|
| 100 |
# |
# |
|a Matsumoto Noriko.
|
| 245 |
# |
# |
|a 500 câu hỏi luyện thi năng lực Nhật ngữ trình độ N3 trong 4 tuần =
|b Shin Nihongo mon - N3 /
|c Matsumoto Noriko, Sasaki Hitoko; Lê Lệ Thủy dịch.
|
| 246 |
# |
# |
|a Shin Nihongo mon - N3
|
| 260 |
# |
# |
|a Tp. Hồ Chí Minh :
|b Trẻ,
|c 2019.
|
| 300 |
# |
# |
|a 293 tr. ;
|c 19 cm.
|
| 650 |
# |
# |
|a Tiếng Nhật
|x Dạy và học.
|
| 650 |
# |
# |
|a Tiếng Nhật
|x Thi cử, câu hỏi...
|
| 700 |
# |
# |
|a Lê Lệ Thủy,
|e dịch.
|
| 700 |
# |
# |
|a Sasaki Hitoko.
|
| 923 |
# |
# |
|a 03/2020
|
| 991 |
# |
# |
|a SH
|
| 992 |
# |
# |
|a 78000
|
| 994 |
# |
# |
|a DLU
|
| 900 |
# |
# |
|a True
|
| 911 |
# |
# |
|a Nguyễn Thanh Hương
|
| 925 |
# |
# |
|a G
|
| 926 |
# |
# |
|a A
|
| 927 |
# |
# |
|a SH
|
| 980 |
# |
# |
|a Thư viện Trường Đại học Đà Lạt
|